| 000 | 01156nam a2200241Ia 4500 | ||
|---|---|---|---|
| 003 | Ost | ||
| 005 | 20260507074854.0 | ||
| 008 | 260507s9999||||xx |||||||||||||| ||und|| | ||
| 020 | _a9773391957 | ||
| 040 | _cfsecg | ||
| 041 | _aara | ||
| 082 | _a332.6 | ||
| 100 |
_aالكفافي، محمد جمال _eمؤلف |
||
| 245 | 0 |
_aالإستثمار في الموارد البشرية للمنافسة العالمية / _c محمد جمال الكفافي |
|
| 260 |
_aالقاهرة: _bالدار الثقافية للنشر, _c2007 |
||
| 300 |
_a271 صفحة؛ _bإيضاحات ؛ _c24 سم |
||
| 504 | _aبيبليوغرافيا: ص.267 | ||
| 520 | _aيضم نقل التكنولوجيا والمعرفة، تنظيم وتحليل الوظائف، تخطيط وانتقاء الموارد البشرية، تدريب وتطوير العاملين، الدوافع والأجور والخدمات، تخطيط وتطوير المسار الوظيفي، تقييم الأداء والادارة بالأهداف | ||
| 653 | _aإدارة الأفراد | ||
| 653 | _aالاستثمار | ||
| 653 | _aالقوى العاملة | ||
| 942 | _cكتاب | ||
| 999 |
_c41600 _d41600 |
||